| 000 | 00533nam a2200181Ia 4500 | ||
|---|---|---|---|
| 008 | 140429s9999 xx 000 0 und d | ||
| 020 | _a9780321591500 | ||
| 050 |
_aTK 5105.8885.D74 _b.H46963 2009 |
||
| 100 | _aHester, Nolan | ||
| 245 |
_aCreating a web site in Dreamweaver CS4 / _cNolan Hester. |
||
| 260 |
_aCalifornia : _bPeachpit, _cc2009. |
||
| 300 |
_a146 p. : _bill. (some col.) ; _c23 cm. |
||
| 500 | _aIncludes index. | ||
| 521 | _aIT | ||
| 650 | _aDreamweaver (Computer file). | ||
| 942 |
_kFOR _cBK |
||
| 999 |
_c115617 _d115617 |
||